| 000 | 01364nam a2200253 a 4500 | ||
|---|---|---|---|
| 001 | 000675855 | ||
| 003 | AM-YeHGA | ||
| 005 | 20250617153459.0 | ||
| 008 | 090727s1979 ||||||||r|||||000|0|rus|d | ||
| 040 | _aAM-YeHGA | ||
| 041 | 0 | _arus | |
| 245 | 0 | 0 |
_aМетаболизм легких при неспецифических заболеваниях органов дыхания : _bСборник научных трудов / _cПод ред. Н.В. Сыромятниковой; МЗ СССР, Всесоюзный научно-исследовательский институт пульмонологии. |
| 260 |
_aЛенинград : _b[Б. и.], _c1979. |
||
| 300 |
_a128 с. : _bрис., табл. ; _c20 см. |
||
| 504 | _aБиблиогр. в конце ст. | ||
| 650 | 1 | 4 | _aДыхательных путей болезни |
| 650 | 1 | 4 | _aХронические неспецифические болезни легких |
| 650 | 1 | 4 |
_aЛегкие _xМетаболизм |
| 650 | 1 | 4 | _aМетаболические процессы |
| 650 | 1 | 4 | _aНаучные исследования |
| 700 | 1 |
_aСыромятникова, Наталия Владимировна _eред. _4edt |
|
| 710 | 2 | _aВсесоюзный научно-исследовательский институт пульмонологии МЗ СССР | |
| 090 | _c394418 | ||
| 999 |
_c392395 _d392395 |
||